00459nam a2200085Ia 4500008004100000245002400041300023600065650001600301856005600317170517s9999 xx 000 0 und d aDying To Have Known aIn Dying To Have Known, filmmaker Steve Kroschel went on a 52-day journey to find evidence to the effectiveness of the Gerson Therapy - a long-suppressed natural cancer cure. His travels take him across both the Atlantic and the... xTechnology. uhttp://topdocumentaryfilms.com/dying-to-have-known/